000 00808nmm a2200289 a 4500
003 AR-BaBNM
005 20251128211615.0
008 035020s1993 ||||||||||||||000 | spa||
020 _a950-99882-3-5
040 _cAR-BaBNM
100 1 _aZanotti, Luis Jorge
245 1 0 _aLuis Jorge Zanotti
_bsu obra fundamental
_n2
250 _a1ยช ed.
260 _aBuenos Aires
_bInstituto de Investigaciones Educativas
_c1993
300 0 _a837 p.
_bil.
650 4 _aHISTORIA DE LA EDUCACION
650 4 _aESTADO Y EDUCACION
650 4 _aORGANIZACION DE LA EDUCACION
650 4 _aPOLITICA EDUCATIVA
650 4 _aFINALIDADES DE LA EDUCACION
651 4 _aArgentina
653 _aSISTEMA EDUCATIVO
653 _aEDUCACION SECUNDARIA
653 _aPEDAGOGOS
942 _cBK
998 _cmaria eugenia
999 _c20403
_d20403